90 secs World Capitals: sorted by Latitude - Statistics

General Stats
  • This quiz has been taken 1,436 times
  • The average score is 96 of 196
Answer Stats
Capital City % Correct
Pyongyang
90%
Amsterdam
89%
Ankara
87%
Ashgabat
87%
Athens
87%
Baku
87%
Beijing
87%
Dushanbe
87%
Madrid
87%
Warsaw
87%
Yerevan
86%
Lisbon
84%
London
84%
Moscow
84%
Washington
84%
Riga
83%
Valletta
83%
Brussels
82%
Astana
80%
Helsinki
80%
Tirana
80%
Copenhagen
79%
Stockholm
79%
Ulaanbaatar
79%
Tashkent
78%
Nicosia
77%
Oslo
77%
Tallinn
77%
Canberra
76%
Berlin
74%
Bratislava
74%
Buenos Aires
74%
Tehran
74%
Tokyo
74%
Vienna
74%
Dublin
73%
Luxembourg
73%
Seoul
73%
Skopje
71%
Paris
70%
Andorra la Vella
69%
Podgorica
69%
Vatican City
69%
Montevideo
68%
Pristina
68%
Rome
68%
Wellington
68%
Tbilisi
67%
Ljubljana
63%
Port-Vila
63%
Dakar
61%
Bucharest
60%
Ottawa
60%
Belgrade
59%
Tegucigalpa
59%
Brasilia
58%
Castries
58%
Lusaka
58%
Algiers
57%
Guatemala City
57%
Tunis
57%
Manila
56%
Praia
56%
Kuwait City
55%
Asmara
54%
Bangkok
54%
Reykjavik
54%
Roseau
54%
Funafuti
53%
Islamabad
53%
Jerusalem
53%
Zagreb
52%
Bandar Seri Begawan
51%
Beirut
51%
Bogota
51%
Juba
51%
Rabat
51%
Abu Dhabi
50%
Maputo
50%
Pretoria
50%
San Salvador
50%
Accra
49%
Asuncion
49%
Budapest
49%
Cairo
49%
Mbabane
49%
Santiago
49%
Yaounde
49%
Yaren
49%
Apia
48%
Baghdad
48%
Damascus
48%
Dhaka
48%
Kiev
48%
San Jose
48%
Conakry
47%
Lima
47%
Riyadh
47%
Kabul
46%
Libreville
46%
Sao Tome
46%
Bangui
45%
Doha
45%
Kampala
45%
Malabo
45%
Male
45%
Moroni
44%
Nassau
44%
Nay Pyi Taw
44%
Niamey
44%
Taipei
44%
Abuja
43%
Addis Ababa
43%
Banjul
43%
Havana
43%
Panama
43%
Port-au-Prince
43%
Santo Domingo
43%
Kingstown
42%
Minsk
42%
Bern
41%
Chisinau
41%
Dodoma
41%
Jakarta
41%
Prague
41%
Sanaa
41%
Vaduz
41%
Freetown
40%
Muscat
40%
Porto-Novo
40%
Mexico City
38%
Monrovia
38%
Victoria
38%
Maseru
37%
Nairobi
37%
Khartoum
36%
Lome
36%
Paramaribo
36%
Brazzaville
35%
Bujumbura
35%
Kinshasa
35%
Port Moresby
35%
Quito
35%
Tripoli
35%
Hanoi
34%
Singapore
34%
Vilnius
34%
Bamako
33%
Bishkek
33%
Kigali
33%
Suva
33%
Dili
32%
Honiara
32%
Luanda
32%
Sarajevo
32%
Yamoussoukro
32%
Bridgetown
31%
Georgetown
31%
Mogadishu
31%
Ouagadougou
31%
Palikir
30%
Sofia
30%
Lilongwe
29%
Managua
29%
N'Djamena
29%
San Marino
29%
Saint John's
28%
Sucre
28%
Tarawa
28%
Amman
27%
Antananarivo
27%
Kathmandu
27%
New Delhi
27%
Harare
26%
Kingston
26%
Monaco
26%
Nouakchott
26%
Port-of-Spain
26%
Saint George's
26%
Vientiane
26%
Colombo
24%
Melekeok
24%
Caracas
23%
Majuro
23%
Basseterre
20%
Belmopan
20%
Djibouti
20%
Kuala Lumpur
20%
Bissau
18%
Manama
18%
Phnom Penh
17%
Gaborone
16%
Nuku'alofa
12%
Port Louis
12%
Thimphu
10%
Windhoek
10%
No matching quizzes found
Score Distribution
Percent of People with Each Score
Percentile by Number Answered
Your Score History
You have not taken this quiz